|
|
|
|
| LEADER |
00000cam a2200000 7i4500 |
| 001 |
0000003138 |
| 005 |
20050216.0 |
| 020 |
0 |
0 |
|a 0130474754 (alk. paper)
|
| 090 |
0 |
0 |
|a 636.0845
|b JLH
|
| 100 |
1 |
0 |
|a Holechek, Jerry.
|
| 245 |
0 |
0 |
|a Range management :
|b principles and practices
|c Jerry L. Holechek, Rex D. Pieper, Carlton H. Herbel.
|
| 250 |
0 |
0 |
|a 5th ed.
|
| 260 |
0 |
0 |
|a Upper Saddle River, N.J. : :
|b Prentice Hall, ,
|c c2004.
|
| 300 |
|
|
|a xv, 607 p. : :
|b ill., maps ; ;
|c 25 cm.
|
| 650 |
0 |
0 |
|a Range management.
|
| 650 |
0 |
0 |
|a Range management
|z United States.
|
| 700 |
1 |
1 |
|a Herbel, Carlton H., ,
|d 1927-
|
| 700 |
1 |
1 |
|a Pieper, Rex D.
|
| 999 |
|
|
|a 0000005844
|b Monograph
|c Open Shelf
|e Default branch
|